| 000 | | | 04349nac2a22003011x 450 |
| 001 | | | e9e39ff8-7a1d-4ca7-9703-48b0f0a2e308 |
| 005 | | | 20150731144852.0 |
| 100 | ## | $a | 20150421l1918 k y0rusy50 ca |
| 101 | 0# | $a | rus |
| 102 | ## | $a | RU |
| 105 | ## | $a | y z |||e| |
| 122 | 0# | $a | d19181231 |
| 200 | 1# | $a | Переписка с председателем Следственного Отдела НКЮ о кабинете судебной экспертизы и письма, заявления и обращения на имя Управляющего Делами СНК В. Д. Бонч-Бруевича о разрешении въезда на Украину, в Белоруссию и другие области, о представлении работы, освобождении из под ареста и по другим вопросам |
| | $j | 1918 |
| 215 | ## | $a | 48 листов |
| 251 | ## | $c | Дело |
| 300 | ## | $a | Листы 2, 4, 6-7, 11-14, 18-19, 23, 29, 31б, 40, 43, 47 - блеклые; листы 15, 27об - газетные вырезки; листы 26, 36 - чернильные пятна |
| 300 | ## | $a | Часть документов рукописная, часть - машинописная, часть напечатана типографским способом |
| 324 | ## | $a | В деле имеются копии отдельных документов |
| 325 | ## | $a | Микрофотокопия |
| 330 | ## | $a | Входит в раздел описи: II. Канцелярия. Б. Общее делопроизводство. 1. Дела Управляющего Делами СНК |
| 461 | #0 | $1 | 001ad6baeac-e292-4829-90d1-2f4f65796a62 |
| | $1 | 2001 |
| | $a | СОВЕТ НАРОДНЫХ КОМИССАРОВ РСФСР (СНК РСФСР) |
| | $1 | 251 |
| | $c | Фонд |
| | $1 | 852 |
| | $j | 130 |
| | $g | Р |
| 462 | #0 | $1 | 001afc5aed5-c9a9-4404-94f6-7a20e205e43c |
| | $1 | 2001 |
| | $a | 1913-1919 гг. |
| | $v | Д. 357 |
| | $1 | 251 |
| | $c | Опись |
| | $1 | 852 |
| | $j | 2 |
| 600 | #1 | $a | Бонч-Бруевич |
| | $b | В. Д. |
| 601 | 01 | $3 | RU\NLR\AUTH\661074810 |
| | $a | РСФСР |
| | $b | Совет Народных Комиссаров |
| 601 | 02 | $a | РСФСР. Народный комиссариат юстиции. Следственный отдел |
| 801 | #0 | $a | RU |
| | $b | GA_RF |
| 801 | #1 | $a | RU |
| | $b | НПО Опыт |
| | $c | 20150421 |
| | $2 | rusmarc |
| 801 | #2 | $a | RU |
| | $b | ПБ им. Б.Н. Ельцина |
| | $c | 20150731 |
| | $g | RCR |
| | $2 | rusmarc |
| 852 | ## | $a | ГА РФ |
| | $j | 357 |
| 937 | ## | $d | 52183427 |
| | $h | ПБ |
| 035 | ## | $a | RuPRLIB51030631 |